Christliche Wurzeln der Todesphilosophie Heideggers: Untersuchungen zu "Sein und Zeit"
| Main Author: | |
|---|---|
| Format: | Print Book |
| Language: | German |
| Subito Delivery Service: | Order now. |
| Check availability: | HBZ Gateway |
| WorldCat: | WorldCat |
| Interlibrary Loan: | Interlibrary Loan for the Fachinformationsdienste (Specialized Information Services in Germany) |
| Published: |
Marburg
Tectum-Verl.
2012
|
| In: | Year: 2012 |
| Standardized Subjects / Keyword chains: | B
Ars moriendi
/ Death
/ Christian philosophy
/ Catholic theology
B Heidegger, Martin 1889-1976, Sein und Zeit |
| Further subjects: | B
Todesverdrängung
B Delp B Kierkegaard B Augustinus B Schönheitswahn B Thesis B Augustinus, Aurelius Saint (354-430) De civitate dei B Augustinus, Aurelius Saint (354-430) Confessiones B 100 B Ars moriendi B Book B Paulus B memento mori B Luther, Martin B Todesphilosophie |
| Online Access: |
Inhaltstext (Publisher) Table of Contents |
MARC
| LEADER | 00000cam a2200000 c 4500 | ||
|---|---|---|---|
| 001 | 682824631 | ||
| 003 | DE-627 | ||
| 005 | 20251223230920.0 | ||
| 007 | tu | ||
| 008 | 120111s2012 gw ||||| m 00| ||ger c | ||
| 015 | |a 12,N02 |2 dnb | ||
| 015 | |a 12,A07 |2 dnb | ||
| 016 | 7 | |a 1018319441 |2 DE-101 | |
| 020 | |a 9783828828414 |c kart. : EUR 29.90 (DE), EUR 29.90 (AT), sfr 37.10 (freier Pr.) |9 978-3-8288-2841-4 | ||
| 024 | 3 | |a 9783828828414 | |
| 024 | 8 | |a Best.-Nr. |q Best.-Nr. | |
| 028 | 5 | 2 | |a 2841 |
| 035 | |a (DE-627)682824631 | ||
| 035 | |a (DE-576)360203329 | ||
| 035 | |a (DE-599)DNB1018319441 | ||
| 035 | |a (OCoLC)778381576 | ||
| 035 | |a (OCoLC)775126474 | ||
| 040 | |a DE-627 |b ger |c DE-627 |e rda | ||
| 041 | |a ger | ||
| 044 | |c XA-DE-HE | ||
| 082 | 0 | |a 001.09 | |
| 082 | 0 | |a 100 |q BSZ | |
| 082 | 0 | |a 230 |q BSZ | |
| 082 | 0 | 4 | |a 100 |q DNB |
| 082 | 0 | 4 | |a 100 |a 230 |
| 084 | |a 5,1 |2 ssgn | ||
| 084 | |a 1 |2 ssgn | ||
| 084 | |a CI 2617 |q BVB |2 rvk |0 (DE-625)rvk/18399:11616 | ||
| 084 | |a 71.36 |2 bkl | ||
| 084 | |a 73.42 |2 bkl | ||
| 084 | |a 08.38 |2 bkl | ||
| 084 | |a 08.25 |2 bkl | ||
| 084 | |a 08.31 |2 bkl | ||
| 090 | |a a | ||
| 100 | 1 | |a Milchert, Thorsten |4 aut | |
| 245 | 1 | 0 | |a Christliche Wurzeln der Todesphilosophie Heideggers |b Untersuchungen zu "Sein und Zeit" |c Thorsten Milchert |
| 264 | 1 | |a Marburg |b Tectum-Verl. |c 2012 | |
| 300 | |a 224 S. |c 21 cm | ||
| 336 | |a Text |b txt |2 rdacontent | ||
| 337 | |a ohne Hilfsmittel zu benutzen |b n |2 rdamedia | ||
| 338 | |a Band |b nc |2 rdacarrier | ||
| 500 | |a Rezeption | ||
| 502 | |a Zugl.: Augsburg, Univ., Diss., 2011 | ||
| 583 | 1 | |a Archivierung prüfen |c 20240324 |f DE-4165 |z 1 |2 pdager | |
| 583 | 1 | |a Archivierung/Langzeitarchivierung gewährleistet |c 20240722 |f NI-LastCopies |x XA-DE-NI |z Potenzieller Alleinbesitz Niedersachsen |2 pdager |5 DE-89 | |
| 600 | 1 | 7 | |0 (DE-588)4120948-5 |0 (DE-627)105772828 |0 (DE-576)209539283 |a Augustinus, Aurelius |c Heiliger |d 354-430 |t De civitate dei |2 gnd |
| 600 | 1 | 7 | |0 (DE-588)4120947-3 |0 (DE-627)105772836 |0 (DE-576)209539275 |a Augustinus, Aurelius |c Heiliger |d 354-430 |t Confessiones |2 gnd |
| 601 | |a Untersuchung | ||
| 653 | |a 100 | ||
| 653 | |a Ars moriendi | ||
| 653 | |a Augustinus | ||
| 653 | |a Book | ||
| 653 | |a Delp | ||
| 653 | |a Kierkegaard | ||
| 653 | |a Luther, Martin | ||
| 653 | |a Paulus | ||
| 653 | |a Schönheitswahn | ||
| 653 | |a Todesphilosophie | ||
| 653 | |a Todesverdrängung | ||
| 653 | |a memento mori | ||
| 655 | 7 | |a Hochschulschrift |0 (DE-588)4113937-9 |0 (DE-627)105825778 |0 (DE-576)209480580 |2 gnd-content | |
| 689 | 0 | 0 | |d s |0 (DE-588)4143072-4 |0 (DE-627)105608254 |0 (DE-576)209723572 |2 gnd |a Ars moriendi |
| 689 | 0 | 1 | |d s |0 (DE-588)4060294-1 |0 (DE-627)106140086 |0 (DE-576)209134666 |2 gnd |a Tod |
| 689 | 0 | 2 | |d s |0 (DE-588)4113224-5 |0 (DE-627)105830976 |0 (DE-576)20947470X |2 gnd |a Christliche Philosophie |
| 689 | 0 | 3 | |d s |0 (DE-588)4030005-5 |0 (DE-627)104452250 |0 (DE-576)208985212 |2 gnd |a Katholische Theologie |
| 689 | 0 | |5 DE-101 | |
| 689 | 1 | 0 | |d u |0 (DE-588)4131103-6 |0 (DE-627)105697451 |0 (DE-576)209624655 |a Heidegger, Martin |2 gnd |d 1889-1976 |t Sein und Zeit |
| 689 | 1 | |5 (DE-627) | |
| 751 | |a Augsburg |0 (DE-588)4003614-5 |0 (DE-627)106389114 |0 (DE-576)208852174 |4 uvp | ||
| 856 | 4 | 2 | |u http://d-nb.info/1018319441/04 |m B:DE-101 |q application/pdf |v 2013-05-01 |x Verlag |3 Inhaltsverzeichnis |7 1 |
| 856 | 4 | 2 | |u http://deposit.dnb.de/cgi-bin/dokserv?id=3947554&prov=M&dok_var=1&dok_ext=htm |m X: MVB |q text/html |v 2013-05-01 |x Verlag |3 Inhaltstext |7 1 |
| 935 | |a mteo |a AUGU | ||
| 935 | |i sf | ||
| 936 | r | v | |a CI 2617 |b Abhandlungen, Studien |k Philosophie |k Geschichte der Philosophie |k Geschichte der Philosophie des Abendlandes von Antike bis 20. Jahrhundert |k Philosophie des 20. Jahrhunderts |k Deutschland und deutschsprachige Länder |k Autoren |k Autoren H |k Heidegger, Martin |k Abhandlungen, Studien |0 (DE-627)1270654691 |0 (DE-625)rvk/18399:11616 |0 (DE-576)200654691 |
| 936 | b | k | |a 71.36 |j Alterssoziologie |0 (DE-627)106416111 |
| 936 | b | k | |a 73.42 |j Altersgruppen |j Initiation |j Sozialisation |x Ethnologie |0 (DE-627)106411179 |
| 936 | b | k | |a 08.38 |j Ethik |0 (DE-627)10640265X |
| 936 | b | k | |a 08.25 |j Zeitgenössische westliche Philosophie |0 (DE-627)106403672 |
| 936 | b | k | |a 08.31 |j Metaphysik |j Ontologie |0 (DE-627)106402706 |
| 951 | |a BO | ||
| ACO | |a 1 | ||
| ELC | |b 1 | ||
| LOK | |0 000 xxxxxcx a22 zn 4500 | ||
| LOK | |0 001 4232081097 | ||
| LOK | |0 003 DE-627 | ||
| LOK | |0 004 682824631 | ||
| LOK | |0 005 20221220151427 | ||
| LOK | |0 008 221215||||||||||||||||ger||||||| | ||
| LOK | |0 035 |a (DE-Tue135-4)zaf-33934 | ||
| LOK | |0 040 |a DE-Tue135-4 |c DE-627 |d DE-Tue135-4 | ||
| LOK | |0 092 |o n | ||
| LOK | |0 689 |a t |0 182689618X |t De ciuitate dei = ciu. |x 00 | ||
| LOK | |0 689 |a t |0 1826896732 |t Confessiones = conf. |x 00 | ||
| LOK | |0 689 |a s |0 1826897585 |a cura | ||
| LOK | |0 689 |a s |0 1826899987 |a esse, essentia | ||
| LOK | |0 689 |a s |0 1826907394 |a mors, mortalitas | ||
| LOK | |0 689 |a s |0 182691501X |a tempus | ||
| LOK | |0 852 |a DE-Tue135-4 | ||
| LOK | |0 852 1 |9 00 | ||
| LOK | |0 935 |a wumi | ||
| LOK | |0 939 |a 15-12-22 |b l01 | ||
| LOK | |0 000 xxxxxcx a22 zn 4500 | ||
| LOK | |0 001 4830435917 | ||
| LOK | |0 003 DE-627 | ||
| LOK | |0 004 682824631 | ||
| LOK | |0 005 20251218170343 | ||
| LOK | |0 008 251218||||||||||||||||ger||||||| | ||
| LOK | |0 035 |a (DE-4020)wubadaa45678 | ||
| LOK | |0 040 |a DE-4020 |c DE-627 |d DE-4020 | ||
| LOK | |0 092 |o n | ||
| LOK | |0 852 |a DE-4020 | ||
| LOK | |0 852 1 |c S 391 |m p |9 00 | ||
| LOK | |0 935 |a bami | ||
| LOK | |0 938 |k p | ||
| LOK | |0 939 |a 18-12-25 |b l01 | ||
| ORI | |a SA-MARC-ixtheoa001.raw | ||
| REL | |a 1 | ||
| SPR | |a 1 |t IXT | ||
| STA | 0 | 0 | |a Ars moriendi,Catholic theology,Christian philosophy,Death,Death,Death in art |
| STB | 0 | 0 | |a Ars moriendi,Mort,Mort,Philosophie chrétienne,Théologie catholique |
| STC | 0 | 0 | |a Filosofía cristiana,Muerte,Muerte,Muerte,Teología católica,ars moriendi |
| STD | 0 | 0 | |a Ars moriendi,Arte di morire,Arte di morire,Filosofia cristiana,Morte,Morte,Teologia cattolica |
| STE | 0 | 0 | |a 临终艺术,基督教哲学,天主教神学,死亡,死亡 |
| STF | 0 | 0 | |a 基督教哲學,天主教神學,死亡,死亡,臨終藝術 |
| STG | 0 | 0 | |a Filosofia cristã,Morte,Morte,Teologia católica,ars moriendi |
| STH | 0 | 0 | |a Ars moriendi (латинский яз.),Католическое богословие,Смерть (мотив),Смерть,Христианская философия |
| STI | 0 | 0 | |a Ars moriendi,Τέχνη του θανάτου,Θάνατος (μοτίβο),Θάνατος,Καθολική θεολογία,Χριστιανική φιλοσοφία |
| SUB | |a REL | ||
| SYA | 0 | 0 | |a Augustinus, Aurelius,Heiliger,354-430,Über den Gottesstaat,Augustinus, Aurelius,Heiliger,354-430,Civitas dei,Augustinus, Aurelius,Heiliger,354-430,Von der Stadt Gottes,Augustinus, Aurelius,Heiliger,354-430,De civitate Dei,Augustinus, Aurelius,Heiliger,354-430,The city of God against the pagans,Augustinus, Aurelius,Heiliger,354-430,The city of God,Augustinus, Aurelius,Heiliger,354-430,Vom Gottesstaat,Augustinus, Aurelius,Heiliger,354-430,La Cité de Dieu,Augustinus, Aurelius,Heiliger,354-430,Der Gottesstaat,Augustinus, Aurelius,Heiliger,354-430,De ciuitate dei,Augustinus, Aurelius,Heiliger,354-430,Ciu. , Augustinus, Aurelius,Heiliger,354-430,Bekenntnisse,Augustinus, Aurelius,Heiliger,354-430,Confessionum libri tredecim,Augustinus, Aurelius,Heiliger,354-430,Liber confessionum,Augustinus, Aurelius,Heiliger,354-430,Die dreyzehen Bücher der Bekantnussen,Augustinus, Aurelius,Heiliger,354-430,Die Bekenntnisse,Augustinus, Aurelius,Heiliger,354-430,St. Augustin's confessions,Augustinus, Aurelius,Heiliger,354-430,Confessions,Augustinus, Aurelius,Heiliger,354-430,Confessioni,Augustinus, Aurelius,Heiliger,354-430,Conf.,Augustinus, Aurelius,Heiliger,354-430,Des heiligen Augustin Bekenntnisse,Augustinus, Aurelius,Heiliger,354-430,St. Augustin's confessions |
| SYG | 0 | 0 | |a Sterbebüchlein,Sterbekunst , Todesdarstellung,Lebensende , Christentum , Heidegger, Martin,1889-1976,SZ,Heidegger, Martin,1889-1976,SuZ,Heidegger, Martin,1889-1976,al- Kainuna wa-'z-zaman,Heidegger, Martin,1889-1976,Varlık ve zaman,Heidegger, Martin,1889-1976,Varat och tiden,Heidegger, Martin,1889-1976,Sonzai to jikan,Heidegger, Martin,1889-1976,Ser e tempo,Heidegger, Martin,1889-1976,Essere e tempo,Heidegger, Martin,1889-1976,El ser y el tiempo,Heidegger, Martin,1889-1976,Being and time,Heidegger, Martin,1889-1976,L' être et le temps,Heidegger, Martin,1889-1976,Aru to ji,Heidegger, Martin,1889-1976,Être et temps,Heidegger, Martin,1889-1976,Bitak i vrijeme,Heidegger, Martin,1889-1976,Lét és ido,Heidegger, Martin,1889-1976,Bycie i czas,Heidegger, Martin,1889-1976,Bytí a čas,Heidegger, Martin,1889-1976,Bit in čas,Heidegger, Martin,1889-1976,Zijn en tijd,Heidegger, Martin,1889-1976,Chonjae-wa-sigan,Heidegger, Martin,1889-1976,Wuǧūd wa zamān,Heidegger, Martin,1889-1976,Ser y tiempo,Heidegger, Martin,1889-1976,Fiinţa şi timp,Heidegger, Martin,1889-1976,Bitie i vreme,Heidegger, Martin,1889-1976,Bytie i vremja,Heidegger, Martin,1889-1976,Vaeren og tid,Heidegger, Martin,1889-1976,Væren og tid,Heidegger, Martin,1889-1976,Bitak i vreme,Heidegger, Martin,1889-1976,Vara och tid,Heidegger, Martin,1889-1976,Sonzai to jikan,Heidegger, Martin,1889-1976,B¯utis ir laikas,Heidegger, Martin,1889-1976,Jonjae wa sigan,Heidegger, Martin,1889-1976,Jon jae wa si gan,Heidegger, Martin,1889-1976,Hastī wa zamān |



